00651nam a2200205Ia 4500008004100000050001400041050001600055100002100071245014500092245002100237260003100258260001000289260001000299300001500309300002000324300001100344500005600355521001500411999001900426170504s9999 xx 000 0 und d aBF 698.4  b.As798 2016 aAsada, Hirono A. aPersonality type and levels of self-esteem of early birds and night owls in college faculty of southville international school and colleges/ cHirono A. Asada. aLas Piñas, Philippines : bSISC, c2016. a84 pages : billustrations ; c28 cm. aIncludes bibliographical references and appendices. aPsychology c329824d329824